Statistics for The Americas Geography by Letter - J

Click here to take the quiz!

General Stats

  • This quiz has been taken 169 times
    (61 since last reset)
  • The average score is 13 of 20

Answer Stats

HintAnswer% Correct
Musical genre that got its start
in New Orleans
Jazz
96%
Island Marley and BoltJamaica
95%
Capital of AlaskaJuneau
91%
Largest wild cat in the AmericasJaguar
91%
Popular Mexican pepperJalapeño
89%
Biggest city in Florida by city properJacksonville
87%
Rio de _______Janeiro
84%
Brazil is home to most of
this country's expats
Japan
76%
Cajun dish similar to paellaJambalaya
69%
Sparsely inhabited Pacific
island chain of Chile
{Juan} Fernández
67%
First permanent English colony
in the New World
Jamestown
65%
Mexican city that sits adjacent to El PasoJuárez
62%
Capital of MissouriJefferson City
60%
Mexican state where Tequila originatedJalisco
47%
National Park in southern CaliforniaJoshua Tree
38%
National Park in AlbertaJasper
38%
City in the New York metropolitan areaJersey City
36%
Texan holiday which celebrates
the end of slavery
Juneteenth
36%
Pennsylvanian city that was struck
by a deadly flood in 1889
Johnstown
18%
Province in northern ArgentinaJujuy
16%

Score Distribution

Percentile by Number Answered

Percent of People with Each Score

Your Score History

You have not taken this quiz since the last reset